Music Quiz

Random Music or Bands Quiz

No Doubt Songs Quiz Stats

 Plays Quiz not verified by Sporcle

Also try: Left & Right Songs
Challenge
Share
Tweet
Embed
Score 0/83 Timer 13:00
0 Plays Today
Album % Correct
Tragic KingdomSpiderwebs
91.3%
Tragic KingdomJust A Girl
90.5%
Tragic KingdomDon't Speak
89.6%
Tragic KingdomTragic Kingdom
86.9%
Rock SteadyHey Baby
86.6%
Rock SteadyHella Good
85.8%
Return Of SaturnEx-Girlfriend
85.2%
Tragic KingdomSunday Morning
85%
The Singles 1992-2003It's My Life
82.8%
Rock SteadyIntro
82.4%
Return Of SaturnBathwater
81.4%
Rock SteadyRock Steady
81.4%
Tragic KingdomExcuse Me Mr
79.7%
Return Of SaturnSimple Kind Of Life
77.7%
Return Of SaturnNew
77.7%
Rock SteadyUnderneath It All
76.7%
No DoubtTrapped In A Box
75.9%
Rock SteadyRunning
71.8%
Tragic KingdomSixteen
68.8%
Tragic KingdomThe Climb
66.5%
Return Of SaturnMagic's In The Makeup
65.5%
Tragic KingdomDifferent People
65%
Tragic KingdomHey You
63.6%
Tragic KingdomHappy Now?
62.3%
Tragic KingdomEnd It On This
62.1%
Rock SteadyPlatinum Blonde Life
62.1%
Return Of SaturnDark Blue
59.7%
Rock SteadyDetective
59.5%
Album % Correct
Beacon Street CollectionTotal Hate '95
58.7%
Rock SteadyWaiting Room
58.7%
Tragic KingdomWorld Go Round
57.8%
Return Of SaturnSix Feet Under
57.8%
No DoubtBND
57%
Return Of SaturnMarry Me
56.4%
Beacon Street CollectionDoghouse
55.5%
Rock SteadyMaking Out
55.5%
No DoubtPaulina
54.2%
Rock SteadyIn My Head
53.8%
Return Of SaturnStaring Problem
53.2%
Rock SteadyStart The Fire
53.2%
Return Of SaturnArtificial Sweetener
53%
Beacon Street CollectionOpen The Gate
52.7%
Beacon Street CollectionSqueal
52.7%
No DoubtBrand New Day
51.7%
Beacon Street CollectionSnakes
51.5%
Return Of SaturnHome Now
51.5%
No DoubtAche
51.3%
Return Of SaturnSuspension Without Suspense
51.3%
Everything In TimeOi To The World
51.1%
Tragic KingdomYou Can Do It
50.9%
Rock SteadyDon't Let Me Down
49.8%
Beacon Street CollectionGreener Pastures
49.6%
Return Of SaturnToo Late
48.5%
Return Of SaturnComforting Lie
46.8%
Everything In TimeBig Distraction
46.8%
Beacon Street CollectionBlue In The Face
46.6%
Album % Correct
Beacon Street CollectionBy The Way
44.5%
Beacon Street CollectionStricken
43.8%
Everything In TimeYou're So Foxy
43.8%
No DoubtLet's Get Back
43.6%
No DoubtGet On The Ball
43.4%
No DoubtBig City Train
43.2%
Everything In TimeI Throw My Toys Around
43%
No DoubtA Little Something Refreshing
42.8%
No DoubtSometimes
42.6%
No DoubtSinking
42.2%
Everything In TimeBeauty Contest
41.1%
Everything In TimeLeftovers
40.9%
Everything In TimeFull Circle
40.9%
Everything In TimeNew Friend
40.3%
No DoubtMove On
40.2%
No DoubtDoormat
40.2%
No DoubtSad For Me
40%
Everything In TimeCellophane Boy
39.6%
Everything In TimeEverything In Time (London)
39.4%
Everything In TimeSailin' On
39.2%
Everything In TimeEverything In Time (Los Angeles)
38.4%
Beacon Street CollectionThat's Just Me
37.5%
Everything In TimePanic
37.1%
Everything In TimeUnder Construction
36.7%
Everything In TimeA Rock Steady Vibe
33.1%
Everything In TimeA Real Love Survives
33%
Everything In TimeNew & Approved
29.7%

You're not logged in!

Compare scores with friends on all Sporcle quizzes.
Join for Free
OR
Log In

You Might Also Like...

Show Comments

Extras

Top Quizzes Today


Score Distribution

Your Account Isn't Verified!

In order to create a playlist on Sporcle, you need to verify the email address you used during registration. Go to your Sporcle Settings to finish the process.

Report this User

Report this user for behavior that violates our Community Guidelines.

Details: